Name an F1 Race Winner for Every Letter - Statistics

General Stats
  • This quiz has been taken 6,805 times
    4,740 since last reset
  • The average score is 15 of 20
Answer Stats
Answer % Correct
A Fernando Alonso | Mario Andretti | Alberto Ascari | Rene Arnoux | Michele Alboreto | Elio De Angelis | Jean Alesi
96%
H Lewis Hamilton | Damon Hill | Mika Hakkinen | Graham Hill | James Hunt | Denny Hulme | Mike Hawthorn | Johnny Herbert | Phil Hill | Sam Hanks
96%
B Jenson Button | Jack Brabham | Rubens Barrichello | Gerhard Berger | Valtteri Bottas | Tony Brooks | Thierry Boutsen | Giancarlo Baghetti | Lorenzo Bandini | Jean-Pierre Beltoise | Jo Bonnier | Vittorio Brambilla | Jimmy Bryan
95%
S Michael Schumacher | Ayrton Senna | Jackie Stewart | Jody Scheckter | Ralf Schumacher | John Surtees | Jo Siffert | Ludovico Scarfiotti | Bob Sweikert | Carlos Sainz
94%
R Nico Rosberg | Kimi Raikkonen | Carlos Reutemann | Daniel Ricciardo | Jochen Rindt | Clay Regazzoni | Keke Rosberg | Pedro Rodríguez | Peter Rezson | Jim Rathmann | Troy Ruttman | George Russell
93%
V Sebastian Vettel | Max Verstappen | Jacques Villeneuve | Gilles Villeneuve | Bill Vukovich
93%
P Alain Prost | Nelson Piquet | Ronnie Peterson | Riccardo Patrese | Sergio Perez | Didier Pironi | Carlos Pace | Olivier Panis | Johnnie Parsons | Oscar Piastri
91%
L Niki Lauda | Jacques Laffite | Charles Leclerc
83%
F Juan Manuel Fangio | Emerson Fittipaldi | Nino Farina | Giancarlo Fisichella | Heinz-Harald Frentzen | Luigi Fagioli | Pat Flaherty
81%
M Nigel Mansell | Stirling Moss | Felipe Massa | Juan Pablo Montoya | Bruce McLaren | Pastor Maldonado | Jochen Mass | Luigi Musso
80%
N Alessandro Nannini | Gunnar Nilsson | Lando Norris
77%
O Esteban Ocon
73%
C Jim Clark | David Coulthard | Peter Collins | Francois Cevert
71%
G Dan Gurney | Jose Froilan Gonzalez | Pierre Gasly | Peter Gethin | Richie Ginther
70%
I Jacky Ickx | Eddie Irvine | Innes Ireland
60%
W Mark Webber | John Watson | Lee Wallard | Rodger Ward
58%
K Heikki Kovalainen | Robert Kubica
47%
T Patrick Tambay | Maurice Trintignant | Wolfgang von Trips | Piero Taruffi | Jarno Trulli
45%
J Alan Jones | Jean-Pierre Jabouille
44%
D Patrick Depailler
15%
No matching quizzes found
Score Distribution
Percent of People with Each Score
Percentile by Number Answered
Your Score History
You have not taken this quiz since the last reset